| 000 | 00498nam a22001817a 4500 | ||
|---|---|---|---|
| 005 | 20251108164041.0 | ||
| 008 | 250721s1988 xx 000 0 ara d | ||
| 082 | 1 | 4 | _a150/علي |
| 100 | 1 | _aكمال، علي | |
| 245 | 1 | 0 |
_aالنفس : _bإنفعالاتها و أمراضها و علاجها / |
| 250 | _aط4. | ||
| 264 | 1 |
_aبغداد : _bدار واسط، _c1988. |
|
| 300 | _a2ج | ||
| 650 | 1 | 7 | _aعلم النفس |
| 650 | 1 | 7 | _aالطب النفسي |
| 942 |
_2ddc _cBK |
||
| 999 |
_c2352 _d2352 |
||